000 00624nam a22001937a 4500
005 20230921132744.0
008 100927t xxu||||| |||| 00| 0 eng d
010 _aB-81928
020 _a8773362794
035 _aB-211163, B-081949, B-081948
035 _aB-81928
082 _a158.9
100 H _aHubbard, L. Ran
_922072
245 _aThe dynamics of life :
_bAn introduction to dianetics discoveries /
_cby L. Ron Hubbard
260 _aDenmark
_bNew Era Publications
_c1986
300 _a157p.
_c22cm (Hb)
500 _aIncludes bibliographical references and index
942 _2ddc
_cCH
_h158.9
_mHUB
999 _c47850
_d47850